Načítá se...

Dharma and Ethics : the Indian ideal of human perfection

Podrobná bibliografie
Hlavní autor: Bijoy H Boruah
Další autoři: Srivastava D C
Médium: Printed Book
Vydáno: New Delhi Decent 2010
Vydání:1st
Témata:
LEADER 00711nam a22002291a 4500
020 |a 9788186921517  |c 0.00 
040 |a SSUS - Library - Kalady 
082 |a 205.699  |b SRI/D 
100 |a Bijoy H Boruah 
245 |a Dharma and Ethics : the Indian ideal of human perfection  |h [Text] 
250 |a 1st 
260 |a New Delhi  |b Decent  |c 2010 
300 |a 288p. 
600 |a Virtues 
600 |a Ethics 
600 |a Religion 
600 |a Religious ethics 
700 |a Srivastava D C 
852 |h 205.699  |i SRI/D  |p 062299  |9 650.00  |t 0 
942 |c BK 
999 |c 10498  |d 10498 
952 |0 0  |1 0  |4 0  |6 205_699000000000000_SRI_D  |7 0  |9 15316  |a SSUS  |b SSUS  |d 2015-01-08  |g 650.00  |o 205.699 SRI/D  |p 062299  |r 2015-01-08  |v 0.00  |w 2015-01-08  |y BK